Score 0/10 Timer 01:00
7 Plays Today
% Correct
George
94.5%
Benjamin
93.9%
John
90.6%
Thomas
90%
James
88.9%
Thomas
86.7%
James
86.3%
Alexander
85.6%
John
77.8%
Patrick
73.5%

Today's Daily Dose

You're not logged in!

Compare scores with friends on all Sporcle quizzes.
OR
Log In

Sporcle TV

Today on Sporcle TV


Watch our educational content, quiz creation guides, and fun videos on Sporcle TV.

Show Comments

Extras

Top Quizzes Today


Score Distribution

Paid Content

Your Account Isn't Verified!

In order to create a playlist on Sporcle, you need to verify the email address you used during registration. Go to your Sporcle Settings to finish the process.

Report this User

Report this user for behavior that violates our Community Guidelines.

Details: